| 000 | 01264cam a2200229 4500 | ||
|---|---|---|---|
| 001 | WB3937-10 | ||
| 008 | 030930n2003 000 0 eng u | ||
| 035 | _a(Sirsi) u123776 | ||
| 245 | _aWork and fire safety changes announced | ||
| 260 | _c2003 | ||
| 490 |
_aHealth and Safety Executive Press Release _v(E172:03) 29 September 2003 (2) |
||
| 520 | _aThe HSE has announced that workplace safety and fire regulations are to be changed to allow employees and employers to claim damages for breaches of the regulations. They will be able to bring a civil action under the Health and Safety at Work Regulations 1999 or the Fire Precautions (Workplace) Regulations 1997. The changes will come into force on 27 October 2003. Copies of the regulatory impact assessment can be obtained from the Health and Safety Executive, Economic Adviser's Unit, Rose Court, 2 Southwark Bridge, London SE1 9HS. http://www.hse.gov.uk/press/2003/e03172.htm | ||
| 590 | _aWB | ||
| 650 | _aHEALTH AND SAFETY AT WORK | ||
| 650 | _aHEALTH AND SAFETY EXECUTIVE | ||
| 650 | _aEMPLOYERS | ||
| 650 | _aEMPLOYEES | ||
| 650 | _aHEALTH AND SAFETY AT WORK REGULATIONS 1999 | ||
| 650 | _aFIRE PRECAUTIONS (WORKPLACE) REGULATIONS 1997 | ||
| 690 |
_aHealth and safety _96244 |
||
| 942 | _n0 | ||
| 999 |
_c73501 _d73501 |
||